00366 2200145 4500001002100000008004100021035002000062245003700082260001800119300002300137084001400160082000800174650002600182990001200208INLIS000000000001153 ind  a0010-0722000702 aTimun EmascAryasatya Ikranegara bLingkar Media a32c14,5 x 20,5 cm a398 ARY t a398 aPengajaran Pendidikan aDI.2022